Impact of antenna orientation on localization accuracy using RSSI-based trilateration

The goal of the indoor localization is to determine the position and orientation of people, devices, and mobile robots. With the rise of Industry 4.0, wireless communication technologies have emerged as a rapidly evolving and crucial area for achieving this goal. Various radiocommunication-based tec...

Teljes leírás

Elmentve itt :
Bibliográfiai részletek
Szerzők: Csík Dominik
Odry Ákos
Pesti Richárd
Sarcevic Péter
Dokumentumtípus: Cikk
Megjelent: University of Szeged, Faculty of Engineering Szeged 2024
Sorozat:Analecta technica Szegedinensia 18 No. 2
Kulcsszavak:Információs technológia, Vezeték nélküli kommunikáció
Tárgyszavak:
doi:10.14232/analecta.2024.2.22-29

Online Access:http://acta.bibl.u-szeged.hu/87037
LEADER 02542nab a2200265 i 4500
001 acta87037
005 20250416141638.0
008 250416s2024 hu o 000 eng d
022 |a 2064-7964 
024 7 |a 10.14232/analecta.2024.2.22-29  |2 doi 
040 |a SZTE Egyetemi Kiadványok Repozitórium  |b hun 
041 |a eng 
100 1 |a Csík Dominik 
245 1 0 |a Impact of antenna orientation on localization accuracy using RSSI-based trilateration  |h [elektronikus dokumentum] /  |c  Csík Dominik 
260 |a University of Szeged, Faculty of Engineering  |b Szeged  |c 2024 
300 |a 22-29 
490 0 |a Analecta technica Szegedinensia  |v 18 No. 2 
520 3 |a The goal of the indoor localization is to determine the position and orientation of people, devices, and mobile robots. With the rise of Industry 4.0, wireless communication technologies have emerged as a rapidly evolving and crucial area for achieving this goal. Various radiocommunication-based technologies, including Bluetooth, Bluetooth Low Energy (BLE), Wi-Fi, Ultra-Wideband (UWB), and ZigBee offer means to indirectly estimate distance. These methods leverage diverse principles such as time-based measurements, signal strength, and angle of arrival. Indoor positioning systems can be categorized into two approaches: distance-based and distance-independent techniques. The Free Space Path Loss (FSPL) model describes the connection between distance and Received Signal Strength Indicator (RSSI). The parameters within this model significantly impact distance estimation and localization accuracy. Therefore, a method that accurately characterizes the model is critical. This work proposes an orientation-based localization technique utilizing RSSI and trilateration. Measurements were conducted between two ESP32 units in various orientations to obtain optimal parameters for each specific scenario. To assess the effectiveness of this approach, two scenarios were evaluated: one considering orientation and another neglecting it. The results show that incorporating orientation information leads to significantly more accurate positioning compared to the orientation-agnostic approach. 
650 4 |a Műszaki és technológiai tudományok 
650 4 |a Villamosmérnöki és informatikai tudományok 
695 |a Információs technológia, Vezeték nélküli kommunikáció 
700 0 1 |a Odry Ákos  |e aut 
700 0 1 |a Pesti Richárd  |e aut 
700 0 1 |a Sarcevic Péter  |e aut 
856 4 0 |u http://acta.bibl.u-szeged.hu/87037/1/engineering_2024_002_022-029.pdf  |z Dokumentum-elérés